Associa il filosofo al secolo di nascita - Statistics

Statistiche generali
  • Questo quiz è stato fatto 7 volte
  • Il punteggio medio è 8 su 27
Statistiche sulle risposte
Hint Risposta % Corretto
VII secolo a.C. Talete
80%
VI secolo a.C. Buddha
60%
V secolo a.C. Socrate
60%
IV secolo a.C. Aristotele
40%
II secolo d.C. Marco Aurelio
40%
XX secolo d.C. Michel Foucault
40%
III secolo d.C. Plotino
40%
VIII secolo d.C. Teofane il Confessore
40%
IV secolo d.C. Agostino d'Ippona
20%
IX secolo d.C. Al-Kindi
20%
XII secolo d.C. Averroè
20%
X secolo d.C. Avicenna
20%
VII secolo d.C. Beda il Venerabile
20%
V secolo d.C. Boezio
20%
III secolo a.C. Crisippo
20%
I secolo d.C. Epitteto
20%
XVIII secolo d.C. Immanuel Kant
20%
VI secolo d.C. Isidoro di Siviglia
20%
XVII secolo d.C. John Locke
20%
XIX secolo d.C. Karl Marx
20%
II secolo a.C. Marco Tullio Cicerone
20%
XV secolo d.C. Niccolò Machiavelli
20%
XIV secolo d.C. Nicola d'Oresme
20%
XI secolo d.C. Pietro Abelardo
20%
XVI secolo d.C. René Descartes
20%
XIII secolo d.C. Tommaso d'Aquino
20%
I secolo a.C. Lucio Anneo Seneca
0%
Nessun quiz corrispondente trovato
Distribuzione punteggi
Percentuale di utenti per punteggio
Percentile per numero di risposta
I tuoi punteggi nel tempo
Non hai fatto questo quiz